000 00866nam a2200313 a 4500
003 AR-BaBNM
005 20251128204358.0
008 082120s2002 ||||||||||||||000 | spa||
020 _a950-07-0550-8
040 _cAR-BaBNM
100 1 _aItzcovich, Susana
245 0 0 _a¿Ayudamos a papá?
260 _aBuenos Aires
_bSudamericana
_c1989
300 _a12 p.
_bláms.
490 0 _aCuentos de 4 colores
_vv. 5
500 _aContiene las biografías de la autora y del ilustrador
650 4 _aLITERATURA ARGENTINA
650 4 _aCUENTOS
650 4 _aLITERATURA INFANTIL
650 4 _aLIBROS PARA NIÑOS
650 4 _aPUBLICACIONES EDUCACIONALES
650 4 _aENSEÑANZA DE LA LECTURA
650 4 _aMETODO DE VISUALIZACION
655 _aLITERATURA
700 1 _aRabanal, Daniel
_eilustrador
800 0 _aCanela
942 _cBK
998 _claura
999 _c7224
_d7224